000 00238nam a2200109Ia 4500
008 190216s9999||||xx |||||||||||||| ||und||
100 _aPreesh Wil
245 0 _aKanakaboomi
260 _bCurrent Books
650 _aMalayalam
942 _cBK
999 _c23798
_d23798